Loading...
| History - Other | 0 | 4 | 0 | 0 | 40 | 85 | 91.75 | 1 | 2 | 10.62 | 24.55 |
| Fine Arts - Painting and Sculpture | 0 | 4 | 1 | 0 | 35 | 97 | 116.00 | 0 | 0 | 3.57 | 15.23 |
| Science - Other | 0 | 3 | 0 | 1 | 30 | 68 | 108.00 | 1 | 1 | 3.94 | 16.36 |
| Geography | 0 | 3 | 0 | 0 | 30 | 74 | 86.00 | 1 | 3 | 32.65 | 83.33 |
| Science - Biology | 0 | 3 | 0 | 0 | 30 | 60 | 79.00 | 0 | 2 | 6.55 | 21.59 |
| History - World | 0 | 3 | 1 | 1 | 25 | 77 | 107.00 | 0 | 2 | 5.21 | 15.68 |
| History - American | 0 | 3 | 1 | 0 | 25 | 56 | 85.67 | 1 | 2 | 8.23 | 16.36 |
| History - European | 0 | 3 | 1 | 0 | 25 | 68 | 79.00 | 1 | 2 | 9.44 | 17.05 |
| Literature - World | 0 | 3 | 1 | 1 | 25 | 130 | 135.00 | 0 | 0 | 1.34 | 6.36 |
| Social Science | 0 | 3 | 2 | 0 | 20 | 72 | 88.67 | 0 | 1 | 4.95 | 14.77 |
| Science - Physics | 0 | 2 | 1 | 0 | 15 | 71 | 81.50 | 0 | 2 | 6.03 | 13.64 |
| Literature - British | 0 | 1 | 0 | 0 | 10 | 103 | 103.00 | 0 | 0 | 2.54 | 3.64 |
| Other Academic | 0 | 1 | 0 | 0 | 10 | 47 | 47.00 | 0 | 1 | 19.94 | 20.00 |
| Literature - American | 0 | 1 | 0 | 0 | 10 | 89 | 89.00 | 0 | 1 | 3.35 | 4.55 |
| Literature - European | 0 | 1 | 1 | 0 | 5 | 106 | 106.00 | 0 | 0 | 2.16 | 3.41 |
| Fine Arts - Other | 0 | 1 | 1 | 0 | 5 | 114 | 114.00 | 0 | 0 | 1.41 | 5.45 |
| Religion | 0 | 1 | 1 | 0 | 5 | 104 | 104.00 | 0 | 0 | 1.15 | 2.27 |
| Science - Chemistry | 0 | 0 | 0 | 0 | 0 | 0.00 | 0 | 0 | 0.00 | 0.00 | |
| Philosophy | 0 | 0 | 0 | 0 | 0 | 0.00 | 0 | 0 | 0.00 | 0.00 | |
| Fine Arts - Classical Music | 0 | 0 | 0 | 0 | 0 | 0.00 | 0 | 0 | 0.00 | 0.00 |